000 00432nam a22001577a 4500
005 20251108170012.0
008 250721s9999 xx 000 0 ara d
082 1 4 _aط/ق/جلد
245 1 0 _aجلد الحمار /
264 1 _aبيروت :
_bدار شهرزاد،
_c[19-].
300 _a24ص : مص بالألوان
490 0 _aحكايات جدتي
650 1 7 _aأدب الأطفال
942 _2ddc
_cBK
999 _c37081
_d37081